<?xml version="1.0" encoding="UTF-8"?>
<record
    xmlns:xsi="http://www.w3.org/2001/XMLSchema-instance"
    xsi:schemaLocation="http://www.loc.gov/MARC21/slim http://www.loc.gov/standards/marcxml/schema/MARC21slim.xsd"
    xmlns="http://www.loc.gov/MARC21/slim">

  <leader>00991nam a2200253 a 4500</leader>
  <controlfield tag="001">BRCA_8466</controlfield>
  <controlfield tag="005">20190320210308.0</controlfield>
  <controlfield tag="008">120116s2015----cn-a######---#000-0#eng-#</controlfield>
  <datafield tag="020" ind1=" " ind2=" ">
    <subfield code="a">9780300211504</subfield>
  </datafield>
  <datafield tag="041" ind1=" " ind2=" ">
    <subfield code="a">eng</subfield>
  </datafield>
  <datafield tag="044" ind1=" " ind2=" ">
    <subfield code="a">cn</subfield>
  </datafield>
  <datafield tag="050" ind1=" " ind2="4">
    <subfield code="a">ND1367.N67</subfield>
    <subfield code="b">.P52 2015</subfield>
  </datafield>
  <datafield tag="245" ind1="1" ind2="0">
    <subfield code="a">Picturing the Americas</subfield>
    <subfield code="b">Landscape Painting from Tierra del Fuego to the Arctic</subfield>
    <subfield code="c">edited by Peter John Brownlee, Val&#xE9;ria Piccoli and Georgiana Uhlyarik.</subfield>
  </datafield>
  <datafield tag="260" ind1=" " ind2=" ">
    <subfield code="a">Toronto, Ontario, Canad&#xE1;</subfield>
    <subfield code="b">Art Gallery of Ontario ; New Haven, Connecticut : Yale University Press</subfield>
    <subfield code="c">2015</subfield>
  </datafield>
  <datafield tag="300" ind1=" " ind2=" ">
    <subfield code="a">280 p.</subfield>
    <subfield code="b">il. a color</subfield>
    <subfield code="c">28 cm.</subfield>
  </datafield>
  <datafield tag="500" ind1=" " ind2=" ">
    <subfield code="a">Incluye &#xED;ndice alfab&#xE9;tico</subfield>
  </datafield>
  <datafield tag="502" ind1=" " ind2=" ">
    <subfield code="a">Bibliograf&#xED;a : p. 261-267</subfield>
  </datafield>
  <datafield tag="650" ind1="1" ind2="4">
    <subfield code="a">Pintura de paisajes</subfield>
    <subfield code="x">Historia</subfield>
    <subfield code="z">Norteam&#xE9;rica</subfield>
    <subfield code="9">21200</subfield>
  </datafield>
  <datafield tag="650" ind1="1" ind2="4">
    <subfield code="a">Pintura de paisajes</subfield>
    <subfield code="x">Historia</subfield>
    <subfield code="z">Sudam&#xE9;rica</subfield>
    <subfield code="9">21201</subfield>
  </datafield>
  <datafield tag="700" ind1="1" ind2=" ">
    <subfield code="a">Brownlee, Peter John</subfield>
    <subfield code="e">ed.</subfield>
    <subfield code="9">21202</subfield>
  </datafield>
  <datafield tag="700" ind1="1" ind2=" ">
    <subfield code="a">Piccoli, Val&#xE9;ria</subfield>
    <subfield code="e">ed.</subfield>
    <subfield code="9">21203</subfield>
  </datafield>
  <datafield tag="700" ind1="1" ind2=" ">
    <subfield code="a">Uhlyarik, Georgiana</subfield>
    <subfield code="d">1972-</subfield>
    <subfield code="e">ed.</subfield>
    <subfield code="9">21204</subfield>
  </datafield>
  <datafield tag="942" ind1=" " ind2=" ">
    <subfield code="2">lcc</subfield>
    <subfield code="c">B</subfield>
  </datafield>
  <datafield tag="999" ind1=" " ind2=" ">
    <subfield code="c">8133</subfield>
    <subfield code="d">8133</subfield>
  </datafield>
  <datafield tag="952" ind1=" " ind2=" ">
    <subfield code="0">0</subfield>
    <subfield code="1">0</subfield>
    <subfield code="4">0</subfield>
    <subfield code="7">0</subfield>
    <subfield code="a">BRCA</subfield>
    <subfield code="b">BRCA</subfield>
    <subfield code="d">2016-01-12</subfield>
    <subfield code="l">0</subfield>
    <subfield code="o">ND1367.N67 .P52 2015</subfield>
    <subfield code="p">02902</subfield>
    <subfield code="r">2019-03-22 00:00:00</subfield>
    <subfield code="w">2019-03-22</subfield>
    <subfield code="y">B</subfield>
  </datafield>
</record>
